Civilizaciones de occidente / (Registro nro. 10361)
[ vista simple ]
| 000 -CABECERA | |
|---|---|
| Longitud fija campo de control | 01185cam a2200325 a 4500 |
| 003 - • IDENTIFICADOR DELl NÚMERO DE CONTROL | |
| Identificador del número de control | CO-ViMGA |
| 005 - • FECHA Y HORA DE LA ÚLTIMA TRANSACCIÓN | |
| Fecha y hora de la última transacción | 20230915233126.0 |
| 008 - • CÓDIGOS DE INFORMACIÓN DE LONGITUD FIJA | |
| Códigos de información de longitud fija | 980924s1997 mx ab r 00110 spa d |
| 020 ## - • NÚMERO INTERNACIONAL NORMALIZADO PARA LIBROS | |
| Número Internacional Normalizado para Libros (ISBN) | 9789706863317 |
| 040 ## - FUENTE DE LA CATALOGACIÓN | |
| Centro catalogador de origen | CO-ViMGA |
| Lengua de catalogación | spa |
| Centro transcriptor | CO-ViMGA |
| 041 1# - • CÓDIGO DE LENGUA | |
| Código de lengua original | eng |
| 043 ## - CÓDIGO DE ÁREA GEOGRÁFICA | |
| Código de área geográfica | e------ |
| -- | e-gr--- |
| 082 04 - • NÚMERO DE LA CLASIFICACIÓN DECIMAL DEWEY | |
| Número de clasificación (R) | 901 S64c |
| Número de edición | 19 ed. |
| 100 1# - • PUNTO DE ACCESO PRINCIPAL-NOMBRE DE PERSONA | |
| Nombre de persona | Spielvogel, Jackson J. |
| 245 10 - • TITULO PROPIAMENTE DICHO | |
| Título | Civilizaciones de occidente / |
| Mención de responsabilidad, etc. | Jackson J. Spielvogel ; Traducción Demetrio Garmendia Guerrero ; Revisión técnica y copyedición Carlos Varo y Gonzalo. |
| 250 ## - • MENCIÓN DE EDICIÓN | |
| Mención de edición | 5a.ed. |
| 300 ## - • DESCRIPCIÓN FÍSICA | |
| Extensión | 2 v. : |
| Otras características físicas | il., maps. ; |
| Dimensiones | 27 cm. |
| 504 ## - • NOTA DE BIBLIOGRAFÍA, ETC | |
| Nota de bibliografía, etc. | Incluye bibliografías e índices. |
| 505 0# - • NOTA DE CONTENIDO CON FORMATO | |
| Nota de contenido con formato | v.1 Hasta 1500. -- v.2 Desde 1500. |
| 534 ## - • Nota De Versión Original | |
| -- | Título original. : |
| Título | Western civilization, Vol.A. |
| 650 14 - • PUNTO DE ACCESO ADICIONAL DE MATERIA - TÉRMINO DE MATERIA | |
| Término de materia o nombre geográfico como elemento inicial | Civilización latina. |
| 650 14 - • PUNTO DE ACCESO ADICIONAL DE MATERIA - TÉRMINO DE MATERIA | |
| Término de materia o nombre geográfico como elemento inicial | Civilización |
| Subdivisión de materia general | Historia. |
| 650 14 - • PUNTO DE ACCESO ADICIONAL DE MATERIA - TÉRMINO DE MATERIA | |
| Término de materia o nombre geográfico como elemento inicial | Helenismo. |
| 650 #6 - • PUNTO DE ACCESO ADICIONAL DE MATERIA - TÉRMINO DE MATERIA | |
| Término de materia o nombre geográfico como elemento inicial | Civilización griega. |
| 651 ## - • PUNTO DE ACCESO ADICIONAL DE MATERIA - NOMBRE GEOGRÁFICO | |
| Nombre geográfico | Europa |
| Subdivisión de materia general | Civilización |
| -- | Historia. |
| 700 1# - • PUNTO DE ACCESO ADICIONAL - NOMBRE DE PERSONA | |
| Nombre de persona | Garmendia Guerrero, Demetrio, |
| Término indicativo de función | tr. |
| 700 1# - • PUNTO DE ACCESO ADICIONAL - NOMBRE DE PERSONA | |
| Nombre de persona | Varo y Gonzalo, Carlos. |
| 942 ## - ENTRADA DE ELEMENTOS AGREGADOS (KOHA) | |
| Fuente de clasificaión o esquema | Dewey Decimal Classification |
| Koha [por defecto] tipo de item | LIbro |
| Perdido | Fuente de clasificación o esquema | Estado Físico | No para préstamo | Forma de adquisición | Localización permanente | Localización actual | Fecha adquisición | Serie de enumeración / cronolog&íacute;a | Préstamos totales | Signatura completa | Código de barras | Fecha última consulta | Número de copia | Fecha del precio de reemplazo | Tipo de item de Koha |
|---|---|---|---|---|---|---|---|---|---|---|---|---|---|---|---|
| Dewey Decimal Classification | Sala General | Biblioteca Barrio Porfia - Villavicencio | Biblioteca Barrio Porfia - Villavicencio | 03/17/2016 | V. 1 | 901 S64c | 298120 | 07/26/2017 | Ej. 1 | 07/26/2017 | LIbro | ||||
| Dewey Decimal Classification | Sala General | Biblioteca Barrio Porfia - Villavicencio | Biblioteca Barrio Porfia - Villavicencio | 03/17/2016 | V. 1 | 901 S64c | 298121 | 07/26/2017 | Ej. 1 | 07/26/2017 | LIbro | ||||
| Dewey Decimal Classification | Sala General Segundo Piso | Biblioteca Pública Germán Arciniegas - Villavicencio | Biblioteca Pública Germán Arciniegas - Villavicencio | 03/17/2016 | V. 1 | 901 S64c | 29812 | 03/17/2016 | Ej. 1 | 03/17/2016 | LIbro | ||||
| Dewey Decimal Classification | Sala General Segundo Piso | Biblioteca Pública Germán Arciniegas - Villavicencio | Biblioteca Pública Germán Arciniegas - Villavicencio | 03/17/2016 | V. 2 | 901 S64c | 29813 | 03/17/2016 | Ej. 1 | 03/17/2016 | LIbro |